书目信息 |
| 题名: |
机械设计基础
|
|
| 作者: | 温兆鳞 , 韩东霞 , 彭卫东 | |
| 分册: | ||
| 出版信息: | 峨嵋 西南交通大学出版社 2016.03 |
|
| 页数: | 272页 | |
| 开本: | 26cm | |
| 丛书名: | ||
| 单 册: | ||
| 中图分类: | TH122 | |
| 科图分类: | ||
| 主题词: | 机械设计 | |
| 电子资源: | ||
| ISBN: | 978-7-5643-0753-0 | |
| 000 | 00709nam0 2200229 450 | |
| 001 | 3280 | |
| 005 | 20160926084219.26 | |
| 010 | @a978-7-5643-0753-0@b平装@dCNY32.00 | |
| 100 | @a20151001d2016 km y0chiy0120 ea | |
| 101 | 0 | @achi |
| 102 | @aCN@b510000 | |
| 200 | 1 | @a机械设计基础@Aji xie she ji ji chu@f温兆鳞,韩东霞,彭卫东@Fwen zhao lin,han dong xia,peng wei dong |
| 210 | @a峨嵋@c西南交通大学出版社@d2016.03 | |
| 215 | @a272页@d26cm | |
| 330 | @a机械设计·高等学校:技术学校·教材 | |
| 606 | 0 | @a机械设计 |
| 690 | @aTH122@v4 | |
| 701 | 0 | @a温兆鳞@Awen zhao lin |
| 701 | 0 | @a韩东霞@Ahan dong xia |
| 701 | 0 | @a彭卫东@Apeng wei dong |
| 801 | 0 | @aCN@b唐山师范学院图书馆@c20151001 |
| 905 | @aZUCC@dTH122@e103 | |
| 机械设计基础/温兆鳞,韩东霞,彭卫东.-峨嵋:西南交通大学出版社,2016.03 |
| 272页;26cm |
| ISBN 978-7-5643-0753-0(平装):CNY32.00 |
| 机械设计·高等学校:技术学校·教材 |
| ● |
| 相关链接 |
|
|
|
|
正题名:机械设计基础
索取号:TH122/103
 
预约/预借
| 序号 | 登录号 | 条形码 | 馆藏地/架位号 | 状态 | 备注 |
| 1 | 904218 | 209042187 | 第二样本阅览室/ [索取号:TH122/103] | 在馆 | |
| 2 | 904219 | 209042196 | 第三借阅区/ [索取号:TH122/103] | 在馆 | |
| 3 | 904220 | 209042203 | 第三借阅区/ [索取号:TH122/103] | 在馆 | |
| 4 | 904221 | 209042212 | 第三借阅区/ [索取号:TH122/103] | 在馆 | |
| 5 | 904222 | 209042221 | 第三借阅区/ [索取号:TH122/103] | 在馆 |